Directorio ascético: el que enseña el modo de conducir las alas por el camino ordinario de la gracia a la perfección christiana, dirigido a lo directores de las almas
Saved in:
| 主要作者: | |
|---|---|
| 格式: | 图书 |
| 语言: | 西班牙语 |
| 出版: |
Madrid
Imprenta de Agapito Fernández
1806
|
| 版: | 1a. ed |
| 主题: | |
| 标签: |
添加标签
没有标签, 成为第一个标记此记录!
|
MARC
| LEADER | 00000cam a2200000 a 4500 | ||
|---|---|---|---|
| 001 | UCD1134 | ||
| 003 | CL-VaPUC | ||
| 008 | 160107e18060000sp |||||||||||||||||spa|d | ||
| 082 | 0 | 4 | |a 291.447 |b SCA |2 21 |
| 100 | 0 | |a Scaramelli, Juan Bautista |e author |9 467499 | |
| 245 | 1 | 0 | |a Directorio ascético: el que enseña el modo de conducir las alas por el camino ordinario de la gracia a la perfección christiana, dirigido a lo directores de las almas |
| 250 | |a 1a. ed | ||
| 300 | |a t | ||
| 942 | |c BK | ||
| 945 | |d 20160107 17:53:00 |a gsalatino | ||
| 260 | |a Madrid |b Imprenta de Agapito Fernández |c 1806 | ||
| 650 | 0 | |a Ascetismo |9 319291 | |
| 650 | 0 | |a Vida religiosa |9 257284 | |
| 650 | 0 | |a Espiritualidad |9 267331 | |
| 650 | 7 | |a DOCTRINA CRISTIANA |2 CL-VaPUC |9 339115 | |
| 583 | |a last modification |c 20160107 17:53:00 |k Rodrigo Vera | ||
| 999 | |c 362548 |d 362546 | ||
| 952 | |0 0 |1 0 |3 erd |4 0 |6 291_447000000000000_SCA_1806 |7 0 |8 P |9 473850 |a BIBTEO |b BIBTES |c TEO_FTES |h t.1 |i 5275830 |o 291.447 SCA 1806 |p 5275830 |r 2024-01-18 |w 2019-11-24 |y BK |z Catalogado en:20160107 |k ICR | ||